Psychológia peňazí a zisku. Ako vyzerá ideálny investor z teoretickej stránky

Vzťah k investovaniu. Sporenie pre hru na trhu. Iracionálne emócie. Anomálie. Peniaze ako fetiš.

Na minha lista:
Detalhes bibliográficos
Autor principal: Bačišin, Vladimír
Formato: Capítulo de Livro
Idioma:eslovaco
Assuntos:
Tags: Adicionar Tag
Sem tags, seja o primeiro a adicionar uma tag!

MARC

LEADER 00000naa$a2200000$$$4500
001 0095050
005 20231019090651.0
041 0 |a slo 
044 |a SK 
245 1 0 |a Psychológia peňazí a zisku. Ako vyzerá ideálny investor z teoretickej stránky  |c Vladimír Bačišin 
520 |a Vzťah k investovaniu. Sporenie pre hru na trhu. Iracionálne emócie. Anomálie. Peniaze ako fetiš. 
610 2 0 |a peniaze 
610 2 0 |a trh kapitálový 
610 2 0 |a investovanie 
610 2 0 |a psychológia ekonomická 
100 1 |a Bačišin, Vladimír